[Event "6th EUR-ch (w)"]
[Site "Chisinau MDA"]
[Date "2005.06.22"]
[Round "11"]
[White "Sedina, Elena"]
[Black "Sharevich, Anna"]
[Result "1-0"]
[WhiteElo "2422"]
[BlackElo "2278"]
[EventDate "2005.06.10"]
[PlyCount "159"]

1.e4 c5 2.Nf3 e6 3.d4 cxd4 4.Nxd4 a6 5.c4 Nf6 6.Nc3 d6 7.Be2 Qc7 8.O-O b6 
9.Be3 Bb7 10.f4 Nxe4 11.Nxe4 Bxe4 12.f5 e5 13.Nf3 Nd7 14.Ng5 Bc6 15.Bh5 g6
16.fxg6 hxg6 17.Nxf7 Rxh5 18.Qg4 Rh7 19.Qxg6 Rxf7 20.Qxf7+ Kd8 21.Qg8 Qb8 
22.Rxf8+ Nxf8 23.Qxf8+ Kc7 24.Qe7+ Bd7 25.Rd1 Kc6 26.b4 Qc7 27.c5 bxc5 28.
bxc5 dxc5 29.Qxc5+ Kb7 30.Rb1+ Kc8 31.Qf8+ Qd8 32.Rc1+ Kb7 33.Qb4+ Bb5 34.
a4 Rc8 35.axb5 Rxc1+ 36.Bxc1 Qd1+ 37.Kf2 Qxc1 38.bxa6+ Kxa6 39.Qd6+ Kb7 
40.Qd5+ Kc8 41.Qe6+ Kd8 42.Qxe5 Qc2+ 43.Kf3 Qd1+ 44.Kf2 Qc2+ 45.Qe2 Qc5+ 
46.Kf1 Qc1+ 47.Qe1 Qf4+ 48.Kg1 Qd4+ 49.Kh1 Qg4 50.h3 Qf4 51.Qe2 Qg3 52.Kg1
Qf4 53.Qf2 Qc1+ 54.Kh2 Ke7 55.h4 Qd1 56.Qe3+ Kd8 57.Qe5 Kd7 58.Kh3 Qd3+ 
59.g3 Qf1+ 60.Kg4 Qd1+ 61.Kg5 Qc1+ 62.Kg6 Qc6+ 63.Qf6 Qg2 64.Qd4+ Kc7 65.
g4 Qc6+ 66.Kg7 Kb8 67.Qe5+ Ka8 68.g5 Qd7+ 69.Kh6 Qd8 70.Qf6 Qd2 71.Qf8+ 
Kb7 72.Qe7+ Ka6 73.Kg7 Kb5 74.Qe5+ Ka4 75.h5 Qd7+ 76.Kf8 Qd1 77.g6 Qf3+ 
78.Kg8 Qb3+ 79.Kh8 Qb6 80.Qa1+ 1-0

[Event "6th EUR-ch (w)"]
[Site "Chisinau MDA"]
[Date "2005.06.22"]
[Round "11"]
[White "Zakurdyaeva, Irina"]
[Black "Kachiani-Gersinska, Ketino"]
[Result "1/2-1/2"]
[WhiteElo "2260"]
[BlackElo "2418"]
[EventDate "2005.06.10"]
[PlyCount "124"]

1.e4 c6 2.d4 d5 3.e5 Bf5 4.Be3 e6 5.Nd2 Nd7 6.f4 h5 7.Ngf3 Nh6 8.Nb3 a5 9.
a4 Qb6 10.Be2 Bb4+ 11.c3 Be7 12.h3 h4 13.Bf2 Be4 14.O-O Nf5 15.Nfd2 Ng3 
16.Bxg3 hxg3 17.Nxe4 dxe4 18.Nd2 f5 19.exf6 Nxf6 20.Nc4 Qc7 21.Ne5 Bd6 22.
Qe1 O-O-O 23.Qxg3 c5 24.b4 cxd4 25.cxd4 Qb6 26.Qc3+ Kb8 27.bxa5 Bxe5 28.
fxe5 Nd5 29.axb6 Nxc3 30.Bg4 Rxd4 31.a5 e3 32.Rf7 e2 33.Re1 Rd1 34.Kf2 
Rhd8 35.Bf3 Rxe1 36.Rxb7+ Kc8 37.Rc7+ Kb8 38.Rb7+ Kc8 39.Rc7+ Kb8 40.Rxc3 
Ra1 41.Kxe2 Rxa5 42.Kf2 Rb5 43.b7 Rxe5 44.Ra3 Kc7 45.Rc3+ Kb8 46.h4 g5 47.
Ra3 Kc7 48.Ra8 Rb8 49.h5 Rf5 50.Rxb8 Kxb8 51.Ke3 Rf4 52.g3 Rf6 53.g4 Kc7 
54.Kf2 Rf4 55.Ke2 e5 56.Ke3 e4 57.Bxe4 Rxg4 58.h6 Rg3+ 59.Kf2 Rh3 60.h7 g4
61.Kg2 Kb8 62.Kg1 Rxh7 1/2-1/2

[Event "6th EUR-ch (w)"]
[Site "Chisinau MDA"]
[Date "2005.06.22"]
[Round "11"]
[White "Srebrnic, Ana"]
[Black "Jackova, Jana"]
[Result "0-1"]
[WhiteElo "2221"]
[BlackElo "2406"]
[EventDate "2005.06.10"]
[PlyCount "54"]

1.d4 Nf6 2.Nf3 e6 3.g3 b6 4.Bg2 Bb7 5.c4 c5 6.d5 b5 7.Nh4 Qb6 8.Nc3 bxc4 
9.e4 d6 10.dxe6 fxe6 11.e5 dxe5 12.Qe2 Nc6 13.Qxc4 Nd4 14.O-O Be7 15.Na4 
Qc7 16.Nc3 O-O 17.Be3 Kh8 18.Rac1 Ne8 19.Bxb7 Qxb7 20.Ng2 Nd6 21.Qd3 Qxb2 
22.f4 N6f5 23.fxe5 Nxe3 24.Qxe3 Rxf1+ 25.Kxf1 Rf8+ 26.Kg1 Nf3+ 27.Kh1 Bg5 
0-1

[Event "6th EUR-ch (w)"]
[Site "Chisinau MDA"]
[Date "2005.06.22"]
[Round "11"]
[White "Ionescu, Irina"]
[Black "Klinova, Masha"]
[Result "1/2-1/2"]
[WhiteElo "2252"]
[BlackElo "2391"]
[EventDate "2005.06.10"]
[PlyCount "60"]

1.e4 c6 2.c4 e5 3.Nf3 d6 4.d4 Nd7 5.Nc3 Ngf6 6.Be2 Be7 7.O-O O-O 8.Be3 Re8
9.d5 a6 10.b4 Nf8 11.Nd2 Ng6 12.g3 Bh3 13.Re1 Nd7 14.Nb3 Rc8 15.Qd2 c5 16.
bxc5 dxc5 17.f4 exf4 18.gxf4 Bh4 19.Red1 Qf6 20.Kh1 b5 21.cxb5 axb5 22.
Bxb5 Nge5 23.Be2 Ng4 24.Bxg4 Bxg4 25.Rf1 Qg6 26.Bg1 Qh5 27.Qg2 Bf6 28.Rac1
Bh3 29.Qf3 Bg4 30.Qg2 Bh3 1/2-1/2

[Event "6th EUR-ch (w)"]
[Site "Chisinau MDA"]
[Date "2005.06.22"]
[Round "11"]
[White "Vajda, Szidonia"]
[Black "Pogonina, Natalia"]
[Result "1-0"]
[WhiteElo "2391"]
[BlackElo "2355"]
[EventDate "2005.06.10"]
[PlyCount "102"]

1.e4 c5 2.c3 g6 3.d4 cxd4 4.cxd4 d5 5.exd5 Nf6 6.Nc3 Nxd5 7.Qb3 Nb6 8.Bb5+
Bd7 9.Nf3 Bg7 10.a4 a5 11.O-O O-O 12.Bxd7 N8xd7 13.Rd1 Qc7 14.Bg5 e6 15.
Nb5 Qc4 16.Qxc4 Nxc4 17.b3 Ncb6 18.Rac1 Nd5 19.Nc7 Rac8 20.Nxd5 exd5 21.
Re1 Bf6 22.Bh6 Rfd8 23.Bf4 b6 24.Kf1 h5 25.Bc7 Rf8 26.h3 Kg7 27.Rc6 g5 28.
Rec1 Rfe8 29.Ne5 Nxe5 30.dxe5 Bd8 31.Bxb6 Rb8 32.Bxd8 Rexd8 33.Rd6 Re8 34.
Rxd5 Rxb3 35.Rxa5 Re6 36.g3 Ra3 37.Rc7 Kg6 38.Kg2 Ra2 39.Rc3 Kf5 40.Rf3+ 
Kg6 41.g4 hxg4 42.hxg4 Ra1 43.Rf5 Re1 44.Kf3 Ra1 45.Ra8 Ra3+ 46.Kg2 f6 47.
exf6 Rxf6 48.Rg8+ Kf7 49.Rgxg5 Rxa4 50.Rxf6+ Kxf6 51.Rf5+ Kg6 1-0

[Event "6th EUR-ch (w)"]
[Site "Chisinau MDA"]
[Date "2005.06.22"]
[Round "11"]
[White "Rudolf, Anna"]
[Black "Matnadze, Ana"]
[Result "1/2-1/2"]
[WhiteElo "2210"]
[BlackElo "2376"]
[EventDate "2005.06.10"]
[PlyCount "117"]

1.e4 c5 2.Nf3 d6 3.d4 cxd4 4.Nxd4 Nf6 5.Nc3 Nc6 6.Bc4 Bd7 7.O-O g6 8.Nxc6 
Bxc6 9.Bg5 Bg7 10.Nd5 Bxd5 11.exd5 O-O 12.Re1 Qd7 13.Qd2 Rfc8 14.Bb3 b5 
15.c3 a5 16.a3 Rc7 17.Re2 Qf5 18.Rae1 Raa7 19.h3 Rab7 20.Bc2 Qc8 21.Bb3 
Qf8 22.f4 Qc8 23.Qd3 b4 24.axb4 axb4 25.c4 Ra7 26.Bh4 Nh5 27.Rf1 f5 28.c5 
Rxc5 29.Bxe7 Qa6 30.Qxa6 Rxa6 31.Kh2 Nf6 32.Bxf6 Bxf6 33.Re8+ Kg7 34.Rb8 
Rc7 35.Rf2 Raa7 36.Rxb4 Rab7 37.Rxb7 Rxb7 38.Ba4 Bxb2 39.Bc6 Rb4 40.Re2 
Bf6 41.g3 g5 42.fxg5 Bxg5 43.Rf2 f4 44.gxf4 Bxf4+ 45.Kg2 Kf6 46.Kf3 Be5 
47.Bd7 h5 48.Be6 h4 49.Re2 Rf4+ 50.Kg2 Rd4 51.Kf3 Rf4+ 52.Kg2 Kg5 53.Rf2 
Rd4 54.Rf5+ Kg6 55.Rf8 Rd2+ 56.Rf2 Rd4 57.Rf8 Rb4 58.Kf3 Rb3+ 59.Ke4 
1/2-1/2

[Event "6th EUR-ch (w)"]
[Site "Chisinau MDA"]
[Date "2005.06.22"]
[Round "11"]
[White "Ovod, Evgenia"]
[Black "Tsereteli, Tamara"]
[Result "1-0"]
[WhiteElo "2305"]
[BlackElo "2273"]
[EventDate "2005.06.10"]
[PlyCount "133"]

1.d4 Nf6 2.c4 e6 3.Nc3 Bb4 4.Qc2 O-O 5.a3 Bxc3+ 6.Qxc3 b6 7.Bg5 Bb7 8.f3 
c5 9.dxc5 bxc5 10.e3 d6 11.O-O-O Qe7 12.Bxf6 gxf6 13.Bd3 Nd7 14.Ne2 Ne5 
15.Ng3 Ba6 16.Be2 Rab8 17.f4 Nd7 18.e4 Rb6 19.Nh5 Kh8 20.Rd2 Rfb8 21.Qg3 
Rg8 22.Qh4 Rg6 23.e5 Qf8 24.exf6 Rh6 25.g4 Nxf6 26.g5 Rxh5 27.Bxh5 Nxh5 
28.Qxh5 Bxc4 29.Re1 Qg7 30.f5 Bd3 31.f6 Qg6 32.Qf3 c4 33.Qa8+ Qg8 34.Qxa7 
Rb5 35.h4 Rc5 36.Qe7 Rc6 37.Rxe6 Rc8 38.Rxd6 Re8 39.Qc7 h6 40.Rd5 Kh7 41.
Qg3 Qg6 42.R2xd3 cxd3 43.Qxd3 Re1+ 44.Kd2 Rh1 45.Qxg6+ Kxg6 46.gxh6 Rxh4 
47.Rd6 Rxh6 48.a4 Kf5 49.a5 Ke5 50.Rb6 Kd4 51.Rb4+ Kc5 52.Rb6 Kd4 53.Kc2 
Kc4 54.b3+ Kc5 55.Kb2 Rh2+ 56.Ka3 Rf2 57.b4+ Kc4 58.Rc6+ Kb5 59.Rb6+ Kc4 
60.a6 Rf1 61.b5 Kc5 62.Rb7 Rxf6 63.a7 Rf1 64.b6 f5 65.Rb8 Rf3+ 66.Kb2 Rf1 
67.Kc3 1-0

[Event "6th EUR-ch (w)"]
[Site "Chisinau MDA"]
[Date "2005.06.22"]
[Round "11"]
[White "Velikhanli, Firuza"]
[Black "Dzagnidze, Nana"]
[Result "0-1"]
[WhiteElo "2303"]
[BlackElo "2482"]
[EventDate "2005.06.10"]
[PlyCount "114"]

1.e4 Nc6 2.d4 d5 3.e5 Bf5 4.c3 e6 5.Nf3 Nge7 6.Nh4 f6 7.exf6 gxf6 8.Nxf5 
Nxf5 9.Qh5+ Kd7 10.Bb5 Qe8 11.Qh3 Bd6 12.O-O Qg6 13.Bd3 Nce7 14.Na3 h5 15.
Nb5 a6 16.Nxd6 cxd6 17.Re1 Rag8 18.Bd2 Qg4 19.Qxg4 hxg4 20.g3 Rh3 21.Bf1 
Rh7 22.Rad1 Ng7 23.Be2 f5 24.Kg2 Ne8 25.Rh1 Rgh8 26.f3 gxf3+ 27.Bxf3 Nf6 
28.Bg5 Ne4 29.Bxe4 dxe4 30.h4 Nd5 31.Kf2 Ke8 32.Ke2 Kf7 33.a3 Rc8 34.Rc1 
b5 35.Rhf1 Kg6 36.Bf4 Rc6 37.Rf2 Kh5 38.Kf1 a5 39.Bg5 Rh8 40.Kg2 Rhc8 41.
Rff1 Kg4 42.Rfe1 b4 43.axb4 axb4 44.cxb4 Rc2+ 45.Kf1 Kxg3 46.b5 Rf2+ 47.
Kg1 Rg2+ 48.Kf1 Rxc1 49.Bxc1 Rh2 50.Kg1 Rxh4 51.Re2 e3 52.b6 Rxd4 53.Re1 
f4 54.b7 Rb4 55.Kf1 Kf3 56.Re2 Rxb7 57.Rc2 Rh7 0-1

[Event "6th EUR-ch (w)"]
[Site "Chisinau MDA"]
[Date "2005.06.22"]
[Round "11"]
[White "Mamedyarova, Zeinab"]
[Black "Hagarova, Zuzana"]
[Result "1/2-1/2"]
[WhiteElo "2286"]
[BlackElo "2386"]
[EventDate "2005.06.10"]
[PlyCount "200"]

1.b3 e5 2.Bb2 d6 3.c4 Nf6 4.e3 g6 5.Nf3 Bg7 6.d4 O-O 7.Be2 Re8 8.O-O e4 9.
Nfd2 c6 10.Nc3 h5 11.b4 Bf5 12.a4 Nbd7 13.c5 d5 14.b5 Nf8 15.a5 a6 16.bxc6
bxc6 17.Qa4 Qc7 18.Rfb1 N6d7 19.Na2 Rec8 20.Bc3 Ne6 21.Rb2 Rcb8 22.Rab1 
Rxb2 23.Rxb2 Bf6 24.Qd1 Qc8 25.Qa4 Qc7 26.Nb1 Bd8 27.Rb6 Nb8 28.Be1 Qc8 
29.Rb2 Nc7 30.Nbc3 Nb5 31.Qb4 Qe6 32.Na4 Nd7 33.Nb6 Ra7 34.Qb3 Nf6 35.Nb4 
Ne8 36.Nc2 Nec7 37.Ra2 Rb7 38.Nb4 Ra7 39.Qd1 Bg5 40.h3 Qe8 41.g4 hxg4 42.
Bxg4 Be6 43.Bd2 f5 44.Be2 Kg7 45.Qf1 Bf7 46.Qg2 Bh4 47.Qh2 Ne6 48.Kf1 f4 
49.Bg4 Nbc7 50.Ke2 Bf6 51.Kd1 fxe3 52.fxe3 Nb5 53.Rc2 Nexd4 54.exd4 Nxd4 
55.Bc3 Nxc2 56.Bxf6+ Kxf6 57.Nxc2 Kg7 58.Qf2 Be6 59.Qd4+ Kh7 60.Ne3 Rf7 
61.Na4 Bxg4+ 62.Nxg4 Qd8 63.Nc3 Qh4 64.Ne2 Qxh3 65.Ne3 Rf3 66.Kd2 Qh2 67.
Ng4 Qh4 68.Ne3 Qg5 69.Nc3 Rf2+ 70.Kc1 Qg1+ 71.Ncd1 Rf1 72.Qd2 Re1 73.Nc2 
Rf1 74.Ne3 Rf3 75.Kc2 Rh3 76.Kc1 Rh2 77.Qc3 Qg3 78.Qd4 Qf4 79.Kb1 Re2 80.
Qc3 g5 81.Nc2 g4 82.Qb4 Kg6 83.Qb7 Qd2 84.Qxc6+ Kg5 85.Ne1 Re3 86.Nxe3 
Qxe3 87.Qxd5+ Kf4 88.c6 Qxe1+ 89.Kc2 Qe2+ 90.Kc3 Qe1+ 91.Kc2 Qe2+ 92.Kb3 
Qe3+ 93.Ka4 Qc3 94.Qd6+ Kf3 95.Qd1+ Kf2 96.Qd7 Qc4+ 97.Ka3 Qc3+ 98.Ka4 
Qc4+ 99.Ka3 Qc3+ 100.Ka4 Qc4+ 1/2-1/2

[Event "6th EUR-ch (w)"]
[Site "Chisinau MDA"]
[Date "2005.06.22"]
[Round "11"]
[White "Pokorna, Regina"]
[Black "Kursova, Maria"]
[Result "1/2-1/2"]
[WhiteElo "2374"]
[BlackElo "2300"]
[EventDate "2005.06.10"]
[PlyCount "57"]

1.e4 c5 2.Nf3 e6 3.d4 cxd4 4.Nxd4 a6 5.Nc3 Qc7 6.Bd3 Nf6 7.O-O Nc6 8.Be3 
Ne5 9.h3 Bc5 10.Be2 d6 11.Bf4 O-O 12.Nb3 Ba7 13.a4 Bd7 14.Bg5 Ng6 15.Bd3 
Bc6 16.Kh1 Nd7 17.Qe2 Rae8 18.Nb5 axb5 19.axb5 Bb8 20.bxc6 d5 21.g3 bxc6 
22.Rae1 h6 23.Bd2 Re7 24.f4 Rfe8 25.e5 Ba7 26.c4 Rb8 27.Bc2 Nc5 28.Nxc5 
Bxc5 29.b3 1/2-1/2

[Event "6th EUR-ch (w)"]
[Site "Chisinau MDA"]
[Date "2005.06.22"]
[Round "11"]
[White "Gvetadze, Sopio"]
[Black "Bojkovic, Natasa"]
[Result "0-1"]
[WhiteElo "2283"]
[BlackElo "2371"]
[EventDate "2005.06.10"]
[PlyCount "74"]

1.e4 c5 2.Nf3 e6 3.d3 d6 4.g3 b6 5.Bg2 Bb7 6.O-O Be7 7.Re1 Nd7 8.c3 Ngf6 
9.Nbd2 Qc7 10.a4 O-O 11.b3 a6 12.Ba3 Rfc8 13.d4 Bf8 14.Rc1 b5 15.e5 Ne8 
16.Ne4 dxe5 17.dxe5 Rd8 18.Qc2 h6 19.h4 c4 20.Bxf8 Nxf8 21.b4 bxa4 22.Qxa4
a5 23.b5 Nd7 24.Qc2 Rab8 25.Bf1 Bd5 26.Ned2 Rxb5 27.Nd4 Rbb8 28.f4 Qc5 29.
Ne4 Qa7 30.Ra1 Nc5 31.Nxc5 Qxc5 32.Kh2 Rb6 33.Ra2 Nc7 34.Rea1 Nb5 35.Rxa5 
Nxd4 36.Qf2 Nf3+ 37.Qxf3 Qxa5 0-1

[Event "6th EUR-ch (w)"]
[Site "Chisinau MDA"]
[Date "2005.06.22"]
[Round "11"]
[White "Ushenina, Anna"]
[Black "Makropoulou, Marina"]
[Result "1-0"]
[WhiteElo "2350"]
[BlackElo "2285"]
[EventDate "2005.06.10"]
[PlyCount "81"]

1.d4 d5 2.c4 c6 3.Nf3 Nf6 4.e3 a6 5.Bd3 Bg4 6.Nbd2 e6 7.O-O Nbd7 8.Qc2 Rc8
9.c5 Qc7 10.b4 Bh5 11.Bb2 Bg6 12.a4 Be7 13.h3 O-O 14.Bxg6 hxg6 15.a5 Qd8 
16.Ne5 Qe8 17.Rae1 Bd8 18.f4 Bc7 19.g4 Qe7 20.Re2 Rcd8 21.Rg2 Rfe8 22.h4 
Nf8 23.Rf3 N6d7 24.g5 Bxe5 25.dxe5 f5 26.exf6 gxf6 27.gxf6 Nxf6 28.Rxg6+ 
Nxg6 29.Qxg6+ Qg7 30.Rg3 Qxg6 31.Rxg6+ Kh7 32.Rxf6 Rg8+ 33.Kf2 Rg6 34.Rf7+
Kh6 35.Nf3 Rdg8 36.Ng5 Kh5 37.Kg3 Rh6 38.Rxb7 Kg6 39.Kg4 d4 40.Bxd4 Rh5 
41.Re7 1-0

[Event "6th EUR-ch (w)"]
[Site "Chisinau MDA"]
[Date "2005.06.22"]
[Round "11"]
[White "Calzetta Ruiz, Monica"]
[Black "Milliet, Sophie"]
[Result "1-0"]
[WhiteElo "2254"]
[BlackElo "2319"]
[EventDate "2005.06.10"]
[PlyCount "131"]

1.e4 c5 2.Nf3 Nc6 3.d4 cxd4 4.Nxd4 Qb6 5.Nb3 Nf6 6.Nc3 e6 7.Qe2 Bb4 8.Bd2 
O-O 9.a3 Bxc3 10.Bxc3 e5 11.O-O-O Rd8 12.Rd6 Qc7 13.Rxf6 gxf6 14.Qg4+ Kf8 
15.Qh4 d6 16.Qxf6 Be6 17.f4 Ke8 18.fxe5 dxe5 19.Bb5 Qe7 20.Qh6 Bxb3 21.
cxb3 Rd6 22.Qxh7 Qg5+ 23.Kb1 Rh6 24.Qf5 Qxf5 25.exf5 f6 26.h4 Ke7 27.g4 
Rg8 28.Be2 Kd6 29.Bd2 Rh7 30.g5 fxg5 31.Bxg5 Rf8 32.Rd1+ Kc7 33.f6 Nd4 34.
Bg4 Kc6 35.b4 Rhh8 36.a4 Kd5 37.Bf3+ e4 38.Bg2 Ke5 39.Re1 Nf5 40.Rxe4+ Kd6
41.Bh3 Nh6 42.Re6+ Kd5 43.Re7 Ng8 44.Rd7+ Ke5 45.f7 Nh6 46.Bd2 Rh7 47.Bc3+
Kf4 48.Be6 Nxf7 49.b5 Rxh4 50.Bxf7 Rh7 51.Rd4+ Ke3 52.Bg6 Re7 53.Rd3+ Ke2 
54.Rd2+ Ke3 55.Rd1 Rc7 56.Re1+ Kf2 57.Re6 b6 58.Bd4+ Kf1 59.Bd3+ Kg2 60.
Be4+ Kf1 61.Bc6 Rh7 62.b3 Rf4 63.Bc3 Rh3 64.Kc2 Rf2+ 65.Bd2 Rhh2 66.Re1# 
1-0

[Event "6th EUR-ch (w)"]
[Site "Chisinau MDA"]
[Date "2005.06.22"]
[Round "11"]
[White "Stepovaya, Tatiana"]
[Black "Nill, Jessica"]
[Result "1-0"]
[WhiteElo "2348"]
[BlackElo "2290"]
[EventDate "2005.06.10"]
[PlyCount "115"]

1.e4 c5 2.Nf3 e6 3.d4 cxd4 4.Nxd4 Nc6 5.Nc3 Qc7 6.g3 a6 7.Bg2 d6 8.O-O Bd7
9.Re1 Be7 10.Nxc6 Bxc6 11.Qg4 h5 12.Qe2 h4 13.a4 hxg3 14.hxg3 Kf8 15.Bf4 
Nf6 16.a5 Re8 17.Qc4 Rc8 18.Qe2 Re8 19.Bg5 Nd7 20.Nd5 Bxd5 21.Bxe7+ Rxe7 
22.exd5 e5 23.Ra3 g6 24.b4 Kg7 25.c4 Nf6 26.Rd1 Rd8 27.Rc3 Red7 28.Qc2 Re7
29.Bf3 Ree8 30.Bg2 Re7 31.Qa4 Red7 32.Qa3 Qb8 33.Qa2 Rc7 34.c5 Qa7 35.Qc2 
Qb8 36.Qd2 Rdc8 37.Rdc1 Rd8 38.c6 Ne8 39.Rc4 Nf6 40.R1c3 Ng8 41.Qb2 Qa7 
42.b5 axb5 43.Qxb5 Ne7 44.Rb4 bxc6 45.dxc6 Ra8 46.Ra3 Rac8 47.Qb6 Qa8 48.
Qb7 Rxb7 49.cxb7 Rc1+ 50.Kh2 Qh8+ 51.Rh4 Qb8 52.a6 Qa7 53.b8=Q Qxb8 54.a7 
Qd8 55.a8=Q Rc8 56.Qa5 Qf8 57.Bh3 Rb8 58.Qd2 1-0

[Event "6th EUR-ch (w)"]
[Site "Chisinau MDA"]
[Date "2005.06.22"]
[Round "11"]
[White "Ciuksyte, Dagne"]
[Black "Makka, Ioulia"]
[Result "1-0"]
[WhiteElo "2356"]
[BlackElo "2250"]
[EventDate "2005.06.10"]
[PlyCount "109"]

1.e4 c6 2.d4 d5 3.Nd2 dxe4 4.Nxe4 Nd7 5.Ng5 Ngf6 6.Bc4 e6 7.Qe2 Nb6 8.Bd3 
h6 9.N5f3 c5 10.dxc5 Bxc5 11.Ne5 Nbd7 12.Ngf3 Qc7 13.O-O O-O 14.Bf4 Nh5 
15.Bd2 Bd6 16.Rfe1 Nc5 17.Rad1 Nxd3 18.Qxd3 Be7 19.c4 Nf6 20.Nd4 Rd8 21.
Nb5 Qb6 22.Qg3 Kf8 23.a4 Bd7 24.a5 Qc5 25.b4 Qc8 26.Nc7 Rb8 27.b5 Be8 28.
Bf4 Rxd1 29.Rxd1 Nh5 30.Qf3 Nxf4 31.Qxf4 Bf6 32.Ng4 Be7 33.h3 Kg8 34.Rd3 
h5 35.Ne3 Bc5 36.Qe5 Bb4 37.a6 f6 38.Qxe6+ Qxe6 39.Nxe6 bxa6 40.bxa6 Bf7 
41.Nd8 Be8 42.Rb3 Ba4 43.Rb1 Bd6 44.Nb7 Be5 45.c5 Kf8 46.Kf1 Bd4 47.Rb4 
Bxe3 48.Rxa4 Bd2 49.Rc4 Rc8 50.Ke2 Bg5 51.h4 Bh6 52.c6 Ke7 53.Re4+ Kf8 54.
Nd6 Rb8 55.c7 1-0

[Event "6th EUR-ch (w)"]
[Site "Chisinau MDA"]
[Date "2005.06.22"]
[Round "11"]
[White "Petrenko, Svetlana"]
[Black "Susterman, Anja"]
[Result "1/2-1/2"]
[WhiteElo "2348"]
[BlackElo "2250"]
[EventDate "2005.06.10"]
[PlyCount "220"]

1.e4 c5 2.Nf3 Nc6 3.d4 cxd4 4.Nxd4 g6 5.Be3 Bg7 6.Nc3 Nf6 7.Be2 O-O 8.O-O 
d6 9.f3 a6 10.a4 Qb6 11.a5 Qc7 12.Nb3 Be6 13.Nd5 Bxd5 14.exd5 Ne5 15.Bb6 
Qc8 16.c4 Nfd7 17.Bf2 h5 18.h3 Nf6 19.Nd4 Ned7 20.b4 Re8 21.Qb3 Qc7 22.
Rfd1 Rac8 23.Rac1 Nf8 24.Bd3 e6 25.dxe6 fxe6 26.Qb1 e5 27.Ne2 Qf7 28.Be3 
Kh7 29.Nc3 Ne6 30.Ne4 Nxe4 31.Bxe4 Nd4 32.Bd5 Qd7 33.Re1 Nf5 34.Bg5 Rc7 
35.Rcd1 Rec8 36.g4 Ne7 37.c5 Nxd5 38.Rxd5 hxg4 39.Rxd6 Qf5 40.Qxf5 gxf5 
41.hxg4 fxg4 42.fxg4 Rf7 43.Rf1 Rfc7 44.Kg2 Re8 45.Bd8 Rc8 46.Bf6 Rc7 47.
Bd8 Rc8 48.Bg5 Rc7 49.Rfd1 Rf7 50.Rd7 Ref8 51.Be3 e4 52.c6 bxc6 53.Bc5 
Rxd7 54.Rxd7 Rf4 55.Bd4 Rxg4+ 56.Kf2 Kg8 57.Bxg7 Rxg7 58.Rd8+ Kh7 59.Rd4 
Kg6 60.Rd6+ Kf5 61.Rxc6 Ra7 62.Ke3 Ke5 63.Rc5+ Kd6 64.Kxe4 Rb7 65.Rc4 Rh7 
66.Kd3 Rh3+ 67.Kc2 Rh2+ 68.Kb3 Rh3+ 69.Ka4 Rh1 70.Rc8 Rh6 71.Rc3 Rh4 72.
Rc8 Rh6 73.Rc4 Rh5 74.Rg4 Rh6 75.Rg7 Kc6 76.Ra7 Kd5 77.Rb7 Rg6 78.Rb8 Rh6 
79.Rb7 Rg6 80.Rc7 Rh6 81.Kb3 Rh3+ 82.Kc2 Rh2+ 83.Kb3 Rh3+ 84.Rc3 Rh6 85.
Ka4 Rh4 86.Rc5+ Kd6 87.Rc8 Rh6 88.Rc4 Kd5 89.Rg4 Kc6 90.Kb3 Rf6 91.Kc4 Rh6
92.Rd4 Rg6 93.Rd8 Rg4+ 94.Kb3 Rg3+ 95.Ka4 Rg6 96.Ra8 Kb7 97.Rh8 Rg7 98.Rh6
Rf7 99.Kb3 Rc7 100.Rh5 Rg7 101.Kc4 Rc7+ 102.Kd4 Rd7+ 103.Kc5 Rc7+ 104.Kd6 
Rc4 105.Rh7+ Kb8 106.b5 axb5 107.a6 Ra4 108.Rb7+ Ka8 109.Kc7 Rxa6 110.Rxb5
Ra7+ 1/2-1/2

[Event "6th EUR-ch (w)"]
[Site "Chisinau MDA"]
[Date "2005.06.22"]
[Round "11"]
[White "Goreskul, Alyona"]
[Black "Iodo, Anna"]
[Result "1-0"]
[WhiteElo "2323"]
[BlackElo "2176"]
[EventDate "2005.06.10"]
[PlyCount "95"]

1.e4 c5 2.c3 d5 3.exd5 Qxd5 4.d4 cxd4 5.cxd4 Nc6 6.Nf3 e5 7.Nc3 Bb4 8.Bd2 
Bxc3 9.Bxc3 e4 10.Ne5 Nxe5 11.dxe5 Ne7 12.Be2 O-O 13.O-O Be6 14.Qc1 Rfd8 
15.Rd1 Qc5 16.Qf4 Nd5 17.Qh4 e3 18.f3 Qe7 19.Qxe7 Nxe7 20.Bd4 Nf5 21.Bc3 
Rxd1+ 22.Rxd1 Bxa2 23.Rd7 b6 24.g4 Nh4 25.f4 Be6 26.Rd6 Rc8 27.f5 Bb3 28.
Be1 g5 29.Bxh4 gxh4 30.Kg2 Re8 31.Rd3 Bc4 32.Rxe3 Bxe2 33.Rxe2 Kg7 34.Kh3 
a5 35.Kxh4 b5 36.Kh5 a4 37.f6+ Kf8 38.Kh6 b4 39.Kxh7 Rc8 40.Kh6 b3 41.Re4 
Rc2 42.h4 Rxb2 43.Rxa4 Ke8 44.Ra7 Rg2 45.g5 Rg4 46.Rb7 Rxh4+ 47.Kg7 Re4 
48.g6 1-0

[Event "6th EUR-ch (w)"]
[Site "Chisinau MDA"]
[Date "2005.06.22"]
[Round "11"]
[White "Chulivska, Vita"]
[Black "Molchanova, Tatiana"]
[Result "0-1"]
[WhiteElo "2262"]
[BlackElo "2315"]
[EventDate "2005.06.10"]
[PlyCount "46"]

1.e4 c5 2.b4 cxb4 3.a3 d5 4.exd5 Qxd5 5.Nf3 e5 6.c4 Qd6 7.axb4 e4 8.Qe2 f5
9.Nc3 Nc6 10.Ba3 Nxb4 11.Bxb4 Qxb4 12.g4 Nf6 13.gxf5 Bxf5 14.Nh4 Bd7 15.
Rb1 Qc5 16.Rxb7 Be7 17.Rg1 O-O 18.Nd5 Rab8 19.Nxe7+ Qxe7 20.Nf5 Qe5 21.
Rxb8 Rxb8 22.Ne3 Rb1+ 23.Nd1 Ba4 0-1

[Event "6th EUR-ch (w)"]
[Site "Chisinau MDA"]
[Date "2005.06.22"]
[Round "11"]
[White "Galoian, Lilit"]
[Black "Kochetkova, Yulia"]
[Result "0-1"]
[WhiteElo "2256"]
[BlackElo "2311"]
[EventDate "2005.06.10"]
[PlyCount "50"]

1.d4 Nf6 2.c4 e6 3.Nc3 Bb4 4.e3 O-O 5.Ne2 d5 6.a3 Be7 7.Nf4 c6 8.cxd5 exd5
9.Bd3 Nbd7 10.O-O Re8 11.b4 a6 12.Rb1 Nf8 13.a4 Bd6 14.Qc2 Ne6 15.Nxe6 
Bxe6 16.h3 Qe7 17.b5 a5 18.e4 dxe4 19.Nxe4 Nxe4 20.Bxe4 h6 21.bxc6 bxc6 
22.Bxc6 Rac8 23.Qe4 Bc4 24.Re1 Rxc6 25.Qxe7 Rxe7 0-1

[Event "6th EUR-ch (w)"]
[Site "Chisinau MDA"]
[Date "2005.06.22"]
[Round "11"]
[White "Dolukhanova, Evgeniya"]
[Black "Smochina, Carolina"]
[Result "1/2-1/2"]
[WhiteElo "2251"]
[BlackElo "2307"]
[EventDate "2005.06.10"]
[PlyCount "108"]

1.e4 c5 2.Nf3 Nc6 3.Bb5 g6 4.Bxc6 dxc6 5.d3 Bg7 6.Nc3 Bg4 7.h3 Bxf3 8.Qxf3
Nf6 9.Be3 Nd7 10.Qd1 e5 11.Qd2 h6 12.O-O-O Qe7 13.Kb1 O-O-O 14.Na4 b6 15.
Qc3 Kb7 16.Qb3 Rhe8 17.Rhf1 Qe6 18.c4 Ka8 19.Qa3 Bf8 20.Nc3 f5 21.f3 f4 
22.Bf2 g5 23.Qa4 Nf6 24.a3 Rb8 25.Rd2 Qd6 26.Ka1 Rb7 27.Rb1 Reb8 28.b4 Qd7
29.b5 cxb5 30.Nxb5 Ne8 31.Qa6 Nc7 32.Nxc7+ Rxc7 33.a4 Qc8 34.Qb5 a5 35.
Rdb2 Ka7 36.Qb3 Qd7 37.Be1 Rbb7 38.Qc2 Qc6 39.Rb5 Bd6 40.Bc3 Re7 41.Qb2 
Qc7 42.Qe2 Qc8 43.R1b3 Qd8 44.Qb2 Qc7 45.Bxa5 bxa5 46.Rxb7+ Qxb7 47.Rxb7+ 
Rxb7 48.Qc3 Rb4 49.Qc2 h5 50.h4 gxh4 51.Ka2 Kb6 52.Qd1 Kc6 53.Ka3 Be7 54.
Qh1 Kd6 1/2-1/2

[Event "6th EUR-ch (w)"]
[Site "Chisinau MDA"]
[Date "2005.06.22"]
[Round "11"]
[White "Czarnota, Dorota"]
[Black "Nebolsina, Vera"]
[Result "0-1"]
[WhiteElo "2244"]
[BlackElo "2302"]
[EventDate "2005.06.10"]
[PlyCount "100"]

1.e4 c5 2.Nf3 Nc6 3.Bb5 e6 4.O-O Nge7 5.Re1 Nd4 6.Nxd4 cxd4 7.a4 a6 8.Bc4 
g6 9.d3 Bg7 10.f4 d5 11.Bb3 h5 12.Nd2 O-O 13.Nf3 Nc6 14.Kh1 Na5 15.Ba2 
dxe4 16.dxe4 b5 17.f5 exf5 18.Bg5 Qb6 19.e5 Nc4 20.b3 Ne3 21.Qxd4 Qxd4 22.
Nxd4 Ng4 23.axb5 axb5 24.b4 Bb7 25.Bf4 g5 26.Bxg5 Bxe5 27.c3 Nf2+ 28.Kg1 
Ne4 29.Bh6 Rfc8 30.Bb3 Rxa1 31.Rxa1 Rxc3 32.Nf3 Rxf3 33.gxf3 Bxa1 34.fxe4 
Bd4+ 35.Kf1 fxe4 36.Bd1 Kh7 37.Bf4 Kg6 38.Bb3 Bc8 39.Bd5 Kf5 40.Bd6 Be6 
41.Bc6 Bc4+ 42.Ke1 Be5 43.Bd7+ Kf6 44.Bc5 Bxh2 45.Bc6 Bd3 46.Kf2 Ke6 47.
Be8 h4 48.Kg2 Bf4 49.Kf2 h3 50.Bc6 h2 0-1

[Event "6th EUR-ch (w)"]
[Site "Chisinau MDA"]
[Date "2005.06.22"]
[Round "11"]
[White "Padurariu, Ioana-Smaranda"]
[Black "Malysheva, Polina"]
[Result "0-1"]
[WhiteElo "2153"]
[BlackElo "2301"]
[EventDate "2005.06.10"]
[PlyCount "110"]

1.e4 c5 2.Nc3 e6 3.f4 d5 4.Nf3 Nc6 5.Bb5 Ne7 6.exd5 Nxd5 7.Ne5 Qc7 8.Bxc6+
bxc6 9.d3 Be7 10.O-O O-O 11.Ne4 f6 12.Nc4 f5 13.Ng3 Rb8 14.Qe1 Bf6 15.c3 
Nb6 16.Nh5 Be7 17.Qe5 Qxe5 18.Nxe5 Bb7 19.c4 Rbd8 20.Be3 Nd7 21.Rad1 g6 
22.Ng3 Bd6 23.b3 Nxe5 24.fxe5 Bxe5 25.Bxc5 Bd6 26.Bxa7 Ra8 27.Bf2 Rxa2 28.
c5 Bc7 29.d4 Rfa8 30.Rfe1 Kf7 31.Re2 Bxg3 32.Rxa2 Bxh2+ 33.Kxh2 Rxa2 34.
Bh4 Rb2 35.Ra1 Rxb3 36.Bg3 g5 37.Be5 f4 38.Ra7 Kg6 39.g3 fxg3+ 40.Bxg3 Kf5
41.Ra2 h5 42.Bd6 Rb4 43.Be5 h4 44.Rf2+ Kg4 45.Rg2+ Kh5 46.Ra2 g4 47.Kg2 
Kg5 48.Kh2 g3+ 49.Kh3 Rb1 50.Ra3 Rb2 51.Bxg3 hxg3 52.Kxg3 Rb4 53.Rd3 Ba6 
54.Rd2 Rb3+ 55.Kf2 Kf4 0-1

[Event "6th EUR-ch (w)"]
[Site "Chisinau MDA"]
[Date "2005.06.22"]
[Round "11"]
[White "Bogza, Adina"]
[Black "Paulet, Iozefina"]
[Result "1-0"]
[WhiteElo "2297"]
[BlackElo "2051"]
[EventDate "2005.06.10"]
[PlyCount "97"]

1.Nf3 d5 2.c4 e6 3.e3 Nf6 4.Nc3 Be7 5.b3 O-O 6.Bb2 c6 7.Qc2 Nbd7 8.d4 a6 
9.Bd3 b5 10.O-O dxc4 11.bxc4 bxc4 12.Bxc4 c5 13.Rfd1 Qc7 14.Qe2 Bb7 15.d5 
exd5 16.Nxd5 Nxd5 17.Bxd5 Bxd5 18.Rxd5 Nf6 19.Rd2 Ne4 20.Rc2 Qb6 21.Ne5 
Qe6 22.Qc4 Qxc4 23.Rxc4 f5 24.f3 Nf6 25.Nc6 Bd6 26.Rd1 Bc7 27.Ne7+ Kf7 28.
Nxf5 Rfd8 29.Rcc1 Rxd1+ 30.Rxd1 Rd8 31.Rxd8 Bxd8 32.Kf2 Nd5 33.Ke2 g6 34.
Nd6+ Ke6 35.Ne4 c4 36.Nc5+ Kd6 37.Nb7+ Kd7 38.Nxd8 Kxd8 39.Kd2 Kd7 40.e4 
Nf4 41.g3 Ne6 42.Bf6 Kc6 43.Kc3 Kb5 44.Be7 g5 45.a4+ Kxa4 46.Kxc4 h6 47.
Bd6 a5 48.f4 gxf4 49.gxf4 1-0